000 00651cab a2200217 4500
001 ABS44197
008 090401t1991 xxu||||| |||| 00| 0 eng d
035 _a(Sirsi) u45763
041 _aeng
100 _aPhipps, M.
245 _aWelcome to the new GC/Works/1 Edition 2
260 _c1991
350 _a0
490 _aBuilding
_v256 (7689) 22 March 1991, 31 (1)
520 _aDiscusses Amendment Number 5 to GC/Works/1 Edition 2 and GC/Works/1(Edition) 3 Revised 1990 12/90 printing.
650 _aGROUND CONDITIONS
650 _aPUBLIC WORKS
690 _aBUILT ENVIRONMENT-BUILDING CONTRACT FORMS
942 _n0
948 _c04/03/1997
999 _c28957
_d28957